LIBRARY ONLINE CATALOGUE

Health psychology/ (Record no. 19642)

MARC details
000 -LEADER
fixed length control field 00374nam a22001457a 4500
008 - FIXED-LENGTH DATA ELEMENTS--GENERAL INFORMATION
fixed length control field 221005b |||||||| |||| 00| 0 eng d
020 ## - INTERNATIONAL STANDARD BOOK NUMBER
International Standard Book Number 1526847124
050 ## - LIBRARY OF CONGRESS CALL NUMBER
Classification number R726.7
Item number .O33 2019
100 ## - MAIN ENTRY--PERSONAL NAME
Personal name Ogden, Jane
245 ## - TITLE STATEMENT
Title Health psychology/
Statement of responsibility, etc. Jane Ogden
250 ## - EDITION STATEMENT
Edition statement 6th ed.
260 ## - PUBLICATION, DISTRIBUTION, ETC. (IMPRINT)
Place of publication, distribution, etc. London
Name of publisher, distributor, etc. McGraw Hill
Date of publication, distribution, etc. 2019
300 ## - PHYSICAL DESCRIPTION
Extent xxiii, 515p.
Other physical details Col.ill.
942 ## - ADDED ENTRY ELEMENTS (KOHA)
Source of classification or shelving scheme Library of Congress Classification
Koha item type General Collection
Holdings
Withdrawn status Lost status Source of classification or shelving scheme Not for loan Home library Current library Date acquired Cost, normal purchase price Inventory number Total Checkouts Full call number Barcode Date last seen Copy number Price effective from Koha item type
    Library of Congress Classification   Kabarak, Main Campus Kabarak, Main Campus 05/10/2022 5218.00 0837/2022   R726.7 .O33 2019 C.1 032362 05/10/2022 C.1 05/10/2022 General Collection
    Library of Congress Classification   Kabarak, Main Campus Kabarak, Main Campus 05/10/2022 5218.00 1046/2022   R726.7 .O33 2019 C.2 032577 05/10/2022 C.2 05/10/2022 General Collection
    Library of Congress Classification   Kabarak, Main Campus Kabarak, Main Campus 05/10/2022 5218.00 0785/2022   R726.7 .O33 2019 C.3 032283 05/10/2022 C.3 05/10/2022 General Collection
    Library of Congress Classification   Kabarak, Main Campus Kabarak, Main Campus 05/10/2022 5218.00 0786/2022   R726.7 .O33 2019 C.4 032285 05/10/2022 C.4 05/10/2022 General Collection